| 000 | 01812nam0a2200373 4500 | ||
|---|---|---|---|
| 001 | RU\NLR\BIBL_A\011712619 | ||
| 005 | 20180605122437.0 | ||
| 010 |
_a978-5-209-08531-7 _9500 |
||
| 021 |
_aRU _bКН-П-18-029628 _9КН-П-18-2165 |
||
| 035 | _a(NLR Aleph) 011712619 | ||
| 035 | _a(RuMoRGB)009611566 | ||
| 090 |
_a11441391 _c11441391 |
||
| 100 | _a20180524d2018 u y0rusy50 ca | ||
| 101 | 0 | _arus | |
| 102 | _aRU | ||
| 105 | _aa|||j|||001zy | ||
| 200 | 1 |
_aОперативная гинекология _eучебное пособие _fЕ. Д. Дубинская, А. Э. Тер-Овакимян, А. Г. Косаченко _gпод редакцией академика, профессора А. С. Гаспарова |
|
| 210 |
_aМосква _cРоссийский университет дружбы народов _d2018 |
||
| 215 |
_a229, [1] с. _cцв. ил., табл. _d22 |
||
| 300 | _aНа 4-й с. обл. авт.: Е.Д. Дубинская, д.м.н., проф., А.Э. Тер-Овакимян, д.м.н., проф., Косаченко А.Г., д.м.н., проф. | ||
| 320 | _aБиблиогр.: с. 213-221 (68 назв.) | ||
| 320 | _aПредм. указ.: с. 222-224 | ||
| 606 | 1 |
_aОперативная гинекология _jУчебные издания _2nlr_sh1 _2nlr_sh2 _3RU\NLR\AUTH\6611629 |
|
| 686 |
_aР715.7я73-1 _2rubbk |
||
| 686 | 1 | _aР715.7я7 | |
| 700 | 1 |
_aДубинская _bЕ. Д. _gЕкатерина Дмитриевна |
|
| 701 | 1 |
_aТер-Овакимян _bА. Э. _gАрмен Эдуардович _3RU\NLR\AUTH\7786762 |
|
| 701 | 1 |
_aКосаченко _bА. Г. _gАлина Георгиевна |
|
| 942 | _cBOOK | ||
| 980 | _aSUPPRESS | ||
| 980 | _aNBR | ||
| 980 | _aNB | ||